| 000 | 01582 a2200373 4500 | ||
|---|---|---|---|
| 001 | 47744 | ||
| 005 | 20260407155744.0 | ||
| 008 | 260407a2015 arg spa d | ||
| 003 | AR-UNSa-BCEJYS | ||
| 040 |
_aAR-UNSa-BCEJYS _bspa _cAR-UNSa-BCEJYS |
||
| 080 |
_a658.012.32 _xFormas de organización, de gestión |
||
| 245 | 1 | 0 | _aGestión de empresas. Sector Industrial |
| 020 | _a978-987-716-040-6 | ||
| 264 | 1 |
_aBuenos Aires : _bOsmar D. Buyatti _c2015 |
|
| 300 |
_a500 p. _c22 cm. |
||
| 505 | _a1. Gestión de industrias azucareras - 2. Gestión de industrias productoras de biocombustibles - 3. Gestión de industrias citrícolas - 4. Gestión de empresas constructoras - 5. Gestión de industrias frigoríficas - 6. Gestión de industrias lácteas - 7. Gestión de industrias metalmecanicas - 8. Gestión de industrias del mueble - 9. Gestión de industrias petroquímicas - 10. Gestión de industrias textiles laneras | ||
| 041 | _aspa | ||
| 942 | _cBK | ||
| 590 | _aniveau_biblio:m niveau_hierar:0 | ||
| 100 | 1 | _aYardin, Amaro Ramón | |
| 700 | 1 | _aSota, Aldo Mario | |
| 700 | 1 | _aSota, Gustavo Ariel | |
| 700 | 1 | _aPeralta, Natalia | |
| 700 | 1 | _aAlessandro, José M. | |
| 700 | 1 | _aDi Stefano, Victorio | |
| 700 | 1 | _aPuccio, José | |
| 700 | 1 | _aCartier, Enrique Nicolás | |
| 700 | 1 | _aDi Renzo, Diego | |
| 700 | 1 | _aDemonte, Norberto Gabriel | |
| 700 | 1 | _aZoff, Hernán | |
| 700 | 1 | _aPodmoguilnye, Marcelo Gustavo | |
| 700 | 1 | _aKuster, Christian | |
| 856 | 4 | 1 |
_uhttps://www.biblioeco.unsa.edu.ar/pmb/images/libros/L127667.jpg _yImagen de portada _qimage/jpeg |
| 999 |
_c4457 _d4457 |
||